| 000 | 00709nam a22002297a 4500 | ||
|---|---|---|---|
| 005 | 20141216105315.0 | ||
| 008 | 130516s2013 ua ad frb 000 0 eng d | ||
| 020 | _a9789776066021 | ||
| 040 | _aEG-ScBUE | ||
| 082 | 0 | 0 |
_222 _a339.46 _bELS |
| 100 | 1 |
_aElshamy, Hany Mostafa _933219 |
|
| 245 |
_aEconomic data analysis : _ban empirical approach / _cHany Mostafa Elshamy. |
||
| 250 | _a1st ed. | ||
| 260 |
_a[Cairo] : _bBaccah, _c2013. |
||
| 300 |
_a147 p. : _bcharts, tables ; _c24 cm. |
||
| 504 | _aBibliography : p. 147. | ||
| 650 | 0 |
_aDevelopment economics _94896 |
|
| 650 | 0 | _aEconomic development | |
| 653 |
_bBUSECO _cMay2013 _cDecember2014 |
||
| 655 |
_vreading book _934232 |
||
| 942 |
_2ddc _cBB _k339.46 |
||
| 999 |
_c17474 _d17446 |
||